000 00753nam a2200217Ia 4500
003 IN-BaIIA
008 211028s9999 xx 000 0 eng d
020 _a978-0-691-15168-7
040 _cIIA Library
080 _a52-17:681.3.068
_bIVE
100 _aIvezic, Zeljko
_936986
245 0 _aStatistics, data mining, and machine learning in astronomy
_ba practical python guide for the analysis of survey data
_cZeljko Ivezic..[et.al]
260 _aNew Jersey
_bPrinceton University Press
_c2014
300 _ax, 540p.
650 _aAstronomy
_980
650 _aData mining
_926403
650 _aStatistics
700 _aConnolly, Andrew J.
_936987
700 _aVanderplas, Jacob T.
_936988
942 _cBK
999 _c19350
_d19350